AG Banka je horúcim adeptom na odobratie bankovej licencie

Zložitá situácia v AG Banke, a.s. Nitra. Z histórie AG Banky. Strata, úvery, zlé hospodárenie banky. Príčiny zlej situácie. Snaha riešiť túto situáciu. Hrozba odobratia bankovej licencie. Súdny spor s Agrobankou a ČNB.

Saved in:
Bibliographic Details
Main Author: Kovalčík, Ján
Format: Book Chapter
Language:Slovak
Subjects:
Tags: Add Tag
No Tags, Be the first to tag this record!

MARC

LEADER 00000naa a2200000 4500
001 r036617
005 20230921104211.0
041 0 |a slo 
044 |a SK 
245 1 0 |a AG Banka je horúcim adeptom na odobratie bankovej licencie  |c Ján Kovalčík 
520 |a Zložitá situácia v AG Banke, a.s. Nitra. Z histórie AG Banky. Strata, úvery, zlé hospodárenie banky. Príčiny zlej situácie. Snaha riešiť túto situáciu. Hrozba odobratia bankovej licencie. Súdny spor s Agrobankou a ČNB. 
610 2 0 |a banky 
610 2 0 |a hospodárenie podnikové 
610 2 0 |a strata 
610 2 0 |a úver bankový 
610 2 0 |a kontrola banková 
610 2 0 |a audit 
610 2 0 |a licencie 
610 2 0 |a AG Banka, a.s. Nitra 
610 2 0 |a spory súdne 
100 1 |a Kovalčík, Ján